Michigan A-Z - Statistics

General Stats
  • This quiz has been taken 712 times
  • The average score is 16 of 25
Answer Stats
Hint Answer % Correct
A City that is home to the University of Michigan Ann Arbor
93%
H Great Lake bordering Michigan and Canada Huron
93%
O The only Great Lake that Michigan does not border Ontario
93%
L State capital Lansing
92%
F The only president whose home state was Michigan Gerald Ford
83%
E Stage name of Marshall Bruce Mathers III Eminem
82%
U Peninsula Michigan acquired after agreeing to cede the Toledo Strip to Ohio {Upper} Peninsula
82%
G Second most populous city Grand Rapids
81%
K Food manufacturing company based in Battle Creek, Michigan Kellogg's
80%
R Professional ice hockey team of Detroit Detroit {Red} {Wings}
79%
W Despite not inhabiting in the state, this animal symbolizes Michigan Wolverine
73%
M Bridge that connects the two Peninsulas of Michigan {Mackinac} Bridge
70%
B Fictional giant that worked as a lumberjack in northern Michigan Paul Bunyan
69%
C Breakfast food that was pioneered by a quack doctor in Battle Creek, Michigan Cereal
68%
Q Nickname of the Detroit native Aretha Franklin Queen of Soul
65%
T Labor union whose leader was Jimmy Hoffa Teamsters
58%
P Volunteer program John F. Kennedy announced at the University of Michigan in 1960 Peace Corps
53%
N Post-colonial territory Michigan was part of between 1787–1803 {Northwest} Territory
51%
Y Term for a native or resident of U Yooper
51%
S Michigan city borders Canada Sault Ste. Marie
49%
V Native ginger ale brand Vernors
41%
I Only national park of Michigan Isle Royale
40%
J Michigan city in which the Republican Party was born in 1854 Jackson
40%
D Chelsea actor who played in "Dumb and Dumber" and "Terms of Endearment" Jeff Daniels
40%
Z Ford model that was manufactured by Ford of Britain from 1950 to 1972 Zephyr
17%
No matching quizzes found
Score Distribution
Percent of People with Each Score
Percentile by Number Answered
Your Score History
You have not taken this quiz